Statistics for The Final Countdown Lyrics

Click here to take the quiz!

General Stats

  • This quiz has been taken 339 times
  • The average score is 10 of 16

Answer Stats

LyricsAnswer% Correct
It's the ____ ______Final Countdown
97%
It's the ___ _____Final Countdown
97%
'Cause maybe they've __ usSeen
74%
And still we stand __Tall
74%
We're heading for ___Venus
73%
We're ___ togetherLeaving
69%
And maybe we'll come __Back
67%
I guess there is no one to ___Blame
61%
And things to be ____ (to be ____)Found
59%
To ___, who can tell?Earth
55%
With so many ___ ___ to goLight Years
55%
But still it's ____Farewell
51%
We're leaving ____ (leaving ____)Ground
51%
Will ____ ever be the same againThings
51%
I'm sure that we'll all __ her soMiss
44%
And ____ us all, yeahWelcome
44%

Score Distribution

Percentile by Number Answered

Percent of People with Each Score

Your Score History

You have not taken this quiz